Kansas City Chiefs Head Coaches by Picture - Statistics

General Stats
  • This quiz has been taken 44 times
  • The average score is 5 of 13
Answer Stats
Picture Hint Answer % Correct
2013-Present Andy Reid
100%
1960-1974 Hank Stram
67%
1989-1998 Marty Schottenheimer
62%
2001-2005 Dick Vermeil
59%
2006-2008 Herm Edwards
59%
2011-2012 Romeo Crennel
56%
1978-1982 Marv Levy
49%
2009-2011 Todd Haley
28%
1999-2000 Gunther Cunningham
21%
1983-1986 John Mackovic
18%
1987-1988 Frank Gansz
13%
1975-1977 Paul Wiggin
8%
1977 Tom Bettis
5%
No matching quizzes found
Score Distribution
Percent of People with Each Score
Percentile by Number Answered
Your Score History
You have not taken this quiz